000 00801nam a2200253 4500
003 OSt
005 20260530113850.0
008 260507b1979 sp a|||| |||| 00| 0 spa d
020 _a8425209455
040 _aICI
_bspa
_cICI
041 _aspa
050 4 _aZ250
_bG4618
100 1 _aGerstner, Karl,
_dautor
_931133
245 1 0 _aDiseñar programas /
_cKarl Gerstner ; versión castellana Michael Faber Kaiser
264 1 _aBarcelona :
_bGustavo Gili,
_c1979
300 _a118 páginas :
_bilustraciones
336 _atexto
_2rdacontent
337 _asin medio
_2rdamedia
338 _avolumen
_2rdacarrier
650 4 _aArtes gráficas
_xTécnica
_931134
650 4 _aCaracteres tipográficos
_931135
700 1 _aerstner, Karl.
_tProgramme entwerfen
_iTraducción de:
_931136
942 _2lcc
_cBK
_n1
999 _c11421
_d11421